| 000 -LEADER |
| fixed length control field |
00523nam a22001697a 4500 |
| 008 - FIXED-LENGTH DATA ELEMENTS--GENERAL INFORMATION |
| fixed length control field |
151119b xxu||||| |||| 00| 0 eng d |
| 020 ## - INTERNATIONAL STANDARD BOOK NUMBER |
| International Standard Book Number |
0155176838 |
| 041 0# - LANGUAGE CODE |
| Language code of text/sound track or separate title |
eng |
| 080 ## - UNIVERSAL DECIMAL CLASSIFICATION NUMBER |
| Universal Decimal Classification number |
510.2 |
| 100 1# - Rafti |
| Rafti |
Benedicty, Mario. |
| 245 10 - TITLE STATEMENT |
| Title |
Discrete mathematical structures / |
| Statement of responsibility, etc |
Mario Benedicty, Frank R. Sledge. |
| 260 ## - |
| -- |
San Diego [Calif.] : |
| -- |
Harcourt Brace Jovanovich, |
| -- |
c1987. |
| 300 ## - |
| -- |
xvi, 529 f. : |
| -- |
me ill. ; |
| -- |
25 cm. |
| 650 #0 - |
| -- |
Shkenca Kompjuterike |
| -- |
Matematika |
| 700 1# - |
| -- |
Sledge, Frank R. |
| 942 ## - ADDED ENTRY ELEMENTS (KOHA) |
| Source of classification or shelving scheme |
|
| Item type |
Books |